000 01364cam a2200301 a 4500
999 _c234269
_d234269
001 15107494
003 Nust
005 20170316162836.0
008 071210s2008 nyu c 000 1 eng
010 _a 2007045036
020 _a9780545052658
040 _aDLC
_cDLC
_dDLC
042 _alcac
050 0 0 _aPZ7.P61464
_bMel 2008
082 0 0 _a813.54
_bPIE
100 1 _aPierce, Tamora.
245 1 0 _aMelting stones /
_cTamora Pierce.
250 _a1st ed.
260 _aNew York :
_bScholastic Press,
_c2008.
300 _a312 p. ;
_c22 cm.
500 _a"This work was originally published as an audio book by Full Cast Audio in 2007"--T.p. verso.
520 _aResidents of the island of Starns send for help from Winding Circle temple, and when prickly green mage Rosethorn and young stone mage trainee Evvy respond, Evvy finds that the problem is with a long-dormant volcano and tries to use her talents to avert the looming destruction.
650 1 _aMagic
_vFiction.
650 1 _aFantasy.
856 4 1 _3Table of contents only
_uhttp://www.loc.gov/catdir/toc/ecip087/2007045036.html
906 _a7
_bcbc
_corignew
_d1
_eecip
_f20
_gy-gencatlg
942 _2ddc
_cBK